An introduction to thermal-fluid engineering: the engine and the atmosphere

Guardat en:
Dades bibliogràfiques
Autor principal: Warhaft, Z (Autor)
Format: Llibre
Idioma:anglès
Publicat: Cambridge Cambridge University 1997
Matèries:
Etiquetes: Afegir etiqueta
Sense etiquetes, Sigues el primer a etiquetar aquest registre!

MARC

LEADER 00000nam a2200000 a 4500
001 UCR7056
003 CL-VaPUC
008 980430e19970000uk |||||||||||||||||eng|d
082 0 4 |a 621.402  |b WAR  |2 21 
100 0 |a Warhaft, Z  |e author  |9 408334 
245 1 3 |a An introduction to thermal-fluid engineering: the engine and the atmosphere 
300 |a 241 p 
942 |c BK 
945 |d 19980430 00:00:00  |a rbrito 
260 |a Cambridge  |b Cambridge University  |c 1997 
650 7 |a INGENIERIA TERMICA  |2 CL-VaPUC  |9 352309 
650 0 |a Termodinámica   |9 259320 
650 0 |a Dinámica de fluidos  |9 260582 
650 0 |a Combustión  |9 339668 
650 0 |a Calor  |9 260253 
650 0 |a Atmósfera  |9 261875 
583 |a last modification  |c 20130806 06:28:58  |k Rodrigo Vera 
999 |c 268910  |d 268908 
952 |0 0  |1 0  |4 0  |6 621_402000000000000_WAR_1997  |7 0  |8 A  |9 302377  |a BIBCUR  |b BIBCUR  |d 2019-11-20  |i 3422682  |o 621.402 WAR 1997  |p 3422682  |r 2025-04-22  |w 2019-11-20  |y BK  |k FIS